|
|
|
|
| LEADER |
01044pam a22003378a 4500 |
| 001 |
00046545 |
| 008 |
210324s2015####-vm#################vie|d |
| 005 |
20210324080354.0 |
| 020 |
# |
# |
|c 0
|
| 041 |
0 |
# |
|a vie
|
| 082 |
0 |
4 |
|a 332.6
|b B300Â
|
| 245 |
1 |
0 |
|a Bí ẩn nguồn vốn
|c Tập thể tác giả
|
| 260 |
# |
# |
|a Tp. Hồ Chí Minh
|b Thanh Niên
|c 2014
|
| 300 |
# |
# |
|a 291tr.
|b minh hoạ
|c 24cm
|
| 490 |
0 |
# |
|v T.14
|a Bộ sách Cẩm nang dành cho CEO
|
| 653 |
# |
# |
|a Nguồn vốn
|
| 653 |
# |
# |
|a Kinh doanh
|
| 653 |
# |
# |
|a Doanh nghiệp
|
| 653 |
# |
# |
|a Thành công
|
| 653 |
# |
# |
|a Đầu tư
|
| 700 |
# |
# |
|a Hà Văn Khương
|
| 700 |
# |
# |
|a Nguyễn Thị Mỹ Dung
|
| 700 |
# |
# |
|a Ngô Minh Châu
|
| 700 |
# |
# |
|a Trần Bửu Long
|
| 700 |
# |
# |
|a Trần Quang Thắng
|
| 700 |
# |
# |
|a Đặng Đức Thành
|
| 852 |
# |
# |
|j KD.0027915
|
| 920 |
|
|
|a Đặng Đức Thành
|
| 930 |
|
|
|a 359336
|
| 941 |
|
|
|b KT
|
| 980 |
# |
# |
|a Trung tâm Học liệu Lê Vũ Hùng, Trường Đại học Đồng Tháp
|